[Event "Tarragona-ch Seniors"]
[Site "Cambrils"]
[Date "2020.02.20"]
[Round "5.18"]
[White "Bartolome Pinol, Jordi"]
[Black "Segura Riba, Josep Maria"]
[Result "0-1"]
[WhiteElo "1531"]
[BlackElo "1474"]
[PlyCount "130"]
[EventDate "2020.01.23"]
[EventType "swiss"]
[EventRounds "8"]
[EventCountry "ESP"]
[SourceTitle "EXT 2024"]
[Source "ChessBase"]
[SourceDate "2023.10.10"]
[SourceVersion "1"]
[SourceVersionDate "2023.10.10"]
[SourceQuality "1"]

1. d4 d5 2. c4 e6 3. cxd5 exd5 4. Nf3 Be7 5. b3 Nf6 6. h3 0-0 7. Ba3 Bxa3 8. Nxa3 c6 9. e3 Qa5+ 10. Qd2 Qxa3 11. Bd3 Qd6 12. Qc2 h6 13. 0-0 Re8 14. Rfe1 Ne4 15. Bxe4 dxe4 16. Nd2 f5 17. Nc4 Qc7 18. Rad1 Be6 19. Ne5 Qb6 20. f3 Bd5 21. f4 Qd8 22. Qf2 Nd7 23. Ng6 Bf7 24. Ne5 Nxe5 25. dxe5 Qe7 26. Rd2 Rad8 27. Red1 Rxd2 28. Qxd2 Bd5 29. Qc3 Rd8 30. Kh2 Rd7 31. Rg1 Be6 32. Qe1 Qd8 33. Qg3 Rd1 34. Qg6 Rxg1 35. Qxe6+ Kh8 36. Kxg1 Qf8 37. Qc4 Qe7 38. g3 g6 39. Qd4 Kg8 40. Qxa7 Kg7 41. Qd4 Kf7 42. Qc4+ Kf8 43. b4 Qd7 44. Qd4 Qe6 45. Qd8+ Kf7 46. Qd2 b5 47. h4 h5 48. Kf2 Ke7 49. Ke1 Ke8 50. Qc2 Qd5 51. a4 bxa4 52. Qxa4 Qc4 53. Kd2 Qd3+ 54. Kc1 Qxe3+ 55. Kb2 Qd2+ 56. Ka3 Qc3+ 57. Qb3 Qa1+ 58. Qa2 Qc3+ 59. Ka4 Ke7 60. Qb3 Qd4 61. Qg8 Qa1+ 62. Kb3 Qb1+ 63. Kc3 Qe1+ 64. Kd4 Qf2+ 65. Kc4 Qa2+ 0-1